[Event "89th Hastings Masters 2013-14"]
[Site "Hastings ENG"]
[Date "2014.01.05"]
[Round "9.26"]
[White "Taylor, Adam C"]
[Black "Rayner, Francis"]
[Result "0-1"]
[WhiteElo "2025"]
[BlackElo "2192"]
[WhiteFideId "424668"]
[BlackFideId "1800132"]
[EventDate "2013.12.28"]

1. c4 g6 2. g3 Bg7 3. Bg2 c5 4. Nc3 Nc6 5. e4 e6 6. Nge2 Nge7 7. O-O O-O 8. d3
d6 9. Rb1 Rb8 10. a3 b6 11. b4 Bb7 12. b5 Nd4 13. Nxd4 cxd4 14. Na4 Rc8 15. Bd2
Qd7 16. Bb4 f5 17. f3 g5 18. Qb3 Rce8 19. Rbe1 f4 20. gxf4 Rxf4 21. Bd2 Ng6 22.
Nb2 Qe7 23. Bxf4 Nxf4 24. Qa4 Bc8 25. Rf2 Be5 26. Kh1 g4 27. fxg4 Qh4 28. Kg1
Nxg2 29. Kxg2 Qxh2+ 30. Kf1 Qh3+ 31. Ke2 Bg3 32. Ref1 Bxf2 33. Rxf2 e5 34. Nd1
Bxg4+ 35. Ke1 Qxd3 36. Qc2 Qxc2 37. Rxc2 Bf3 38. Nf2 Re7 39. a4 Rg7 40. Kf1 Rf7
41. Kg1 Rf4 42. Nh3 Rxe4 43. Kf2 Bg4 44. Ng5 Re3 45. a5 h6 46. c5 dxc5 47. axb6
axb6 0-1

[Event "89th Hastings Masters 2013-14"]
[Site "Hastings ENG"]
[Date "2014.01.05"]
[Round "9.27"]
[White "Oyama, Akito"]
[Black "Wadsworth, Matthew J"]
[Result "1/2-1/2"]
[WhiteElo "1998"]
[BlackElo "2188"]
[WhiteFideId "7001630"]
[BlackFideId "415804"]
[EventDate "2013.12.28"]

1. e4 e6 2. d4 d5 3. Nc3 Bb4 4. Ne2 dxe4 5. a3 Bxc3+ 6. Nxc3 Nc6 7. d5 exd5 8.
Qxd5 Be6 9. Qxe4 Nf6 10. Qh4 Nd4 11. Bd3 Bf5 12. O-O Bxd3 13. cxd3 O-O 14. Bg5
Ne6 15. Bxf6 Qxf6 16. Qxf6 gxf6 17. f4 Rfd8 18. Rae1 Rxd3 19. f5 Nc5 20. Rf4
Rad8 21. Rg4+ Kh8 22. Re7 R3d7 23. Rxd7 Rxd7 24. b4 Nd3 25. Ne4 Ne5 26. Rg3 Rd1+
27. Kf2 Nd7 28. Rc3 c6 29. b5 Rd5 30. bxc6 bxc6 31. Rxc6 Rxf5+ 32. Kg3 Ra5 33.
Rc7 Rxa3+ 34. Kf4 Ne5 35. Nxf6 Ra5 36. Ke4 Kg7 37. Nh5+ Kh6 38. Nf4 Ng6 39. Nd5
f5+ 40. Kd4 Ra4+ 41. Kc5 Ra2 42. Kd6 Rxg2 43. Rxa7 f4 44. Nf6 f3 45. h4 Nf4 46.
Ra3 Rd2+ 47. Ke5 Nd3+ 48. Ke4 f2 49. Ra1 Ne1 50. Ng4+ Kh5 51. Nxf2 Re2+ 52. Kf4
Rxf2+ 53. Kg3 Re2 54. Ra7 h6 55. Ra5+ Kg6 56. Ra6+ Kg7 57. Ra7+ Kf6 58. Kg4 Re6
59. Kh5 Kf5 60. Rf7+ Ke5 61. Rh7 Ng2 62. Rxh6 Nf4+ 63. Kg5 Re8 64. Ra6 Rg8+ 65.
Kh6 Ne6 66. Ra1 Kf5 67. Rf1+ Nf4 68. Ra1 Kf6 69. Ra7 Rg6+ 70. Kh7 Ne6 71. Ra6
Rg4 72. h5 Rg7+ 73. Kh6 Re7 74. Ra1 Ng7 75. Rf1+ Nf5+ 76. Rxf5+ Kxf5 1/2-1/2

[Event "89th Hastings Masters 2013-14"]
[Site "Hastings ENG"]
[Date "2014.01.05"]
[Round "9.28"]
[White "Brown, Thomas"]
[Black "Lenier, Jude A"]
[Result "1/2-1/2"]
[WhiteElo "2088"]
[BlackElo "2082"]
[WhiteFideId "1801430"]
[BlackFideId "470678"]
[EventDate "2013.12.28"]

1. Nf3 g6 2. d4 Bg7 3. c4 Nf6 4. Nc3 d6 5. e4 O-O 6. Be2 e5 7. O-O Nc6 8. d5 Ne7
9. Ne1 Nd7 10. Be3 f5 11. f3 f4 12. Bf2 g5 13. Rc1 Rf6 14. c5 Nxc5 15. b4 Na6
16. Nb5 Bd7 17. Nxa7 Rg6 18. Bxa6 bxa6 19. Qc2 h5 20. Qxc7 Qe8 21. Nc6 Rc8 22.
Nxe7+ Qxe7 23. Qxc8+ Bxc8 24. Rxc8+ Kh7 25. Rc6 g4 26. Bb6 Qd7 27. Kh1 Kh6 28.
a4 Bf6 29. b5 axb5 30. a5 b4 31. fxg4 b3 32. g5+ Bxg5 33. a6 b2 34. Nf3 Bd8 35.
Bg1 Rxg2 36. Kxg2 Qg4+ 37. Kh1 b1=Q 38. Rxd6+ Kh7 39. Rd7+ Kh6 40. Rd6+ Kh7 41.
Rd7+ Kh6 1/2-1/2

[Event "89th Hastings Masters 2013-14"]
[Site "Hastings ENG"]
[Date "2014.01.05"]
[Round "9.30"]
[White "Haria, Ravi"]
[Black "Roggensack, Hans Peter"]
[Result "1-0"]
[WhiteElo "2160"]
[BlackElo "1972"]
[WhiteFideId "415820"]
[BlackFideId "12904767"]
[EventDate "2013.12.28"]

1. e4 e5 2. Nf3 Nf6 3. d4 Nxe4 4. Bd3 d5 5. Nxe5 Bd6 6. O-O O-O 7. c4 c6 8. Nc3
Nxc3 9. bxc3 Nd7 10. Re1 Nxe5 11. dxe5 Bc5 12. Be3 Bxe3 13. Rxe3 dxc4 14. Bxc4
Qxd1+ 15. Rxd1 Bf5 16. h3 Rad8 17. Rd6 Rfe8 18. g4 Rxd6 19. exd6 Be6 20. Bxe6
fxe6 21. c4 c5 22. Ra3 Ra8 23. Kg2 Kf7 24. f4 Ke8 25. Kf3 Kd7 26. Rd3 Rc8 27.
Ke4 Rc6 28. Ke5 Rb6 29. f5 exf5 30. gxf5 Rb2 31. Ra3 Kc6 32. Ke6 Rf2 33. Rd3
Re2+ 34. Kf7 Kd7 35. Kxg7 h5 36. f6 Rg2+ 37. Kf8 Rxa2 38. f7 Rg2 39. Re3 b5 40.
cxb5 h4 41. Re7+ Kd8 42. Rxa7 c4 43. b6 1-0

[Event "89th Hastings Masters 2013-14"]
[Site "Hastings ENG"]
[Date "2014.01.05"]
[Round "9.31"]
[White "Bianco, Valerio"]
[Black "Low, Zhen Yu Cyrus"]
[Result "0-1"]
[WhiteElo "2151"]
[BlackElo "1868"]
[WhiteFideId "800600"]
[BlackFideId "5804175"]
[EventDate "2013.12.28"]

1. e4 c5 2. Nf3 d6 3. d4 cxd4 4. Qxd4 Nc6 5. Bb5 Bd7 6. Bxc6 Bxc6 7. Nc3 Nf6 8.
Bg5 e6 9. O-O-O Be7 10. Qd3 Qa5 11. h4 h6 12. Bd2 Qa6 13. Qxa6 bxa6 14. Rhe1
O-O-O 15. Nd4 Bb7 16. f3 Nd7 17. h5 Nb6 18. b3 Bf6 19. Be3 d5 20. exd5 Nxd5 21.
Nxd5 Rxd5 22. Ne2 Rxh5 23. Bxa7 Rh2 24. Nf4 Bg5 25. Rd4 Rxg2 26. Kb1 Rh2 27.
Rc4+ Kd7 28. Rd1+ Ke7 29. Rc7+ Kf6 30. Bg1 Bxf4 31. Rxb7 Rd2 32. Rxd2 Bxd2 33.
Ra7 a5 34. c4 Bb4 35. a3 Bxa3 36. Rxa5 Be7 37. c5 h5 38. Ra7 h4 39. Bd4+ e5 40.
Bxe5+ Kxe5 41. Rxe7+ Kd5 42. Rxf7 h3 43. Rd7+ Kxc5 44. Rd1 h2 45. Rh1 Kd4 0-1

[Event "89th Hastings Masters 2013-14"]
[Site "Hastings ENG"]
[Date "2014.01.05"]
[Round "9.32"]
[White "Jaunooby, Ali R"]
[Black "Willson, Ollie"]
[Result "1-0"]
[WhiteElo "2124"]
[BlackElo "1833"]
[WhiteFideId "413291"]
[BlackFideId "424714"]
[EventDate "2013.12.28"]

1. d4 Nf6 2. c4 c5 3. d5 e6 4. Nc3 exd5 5. cxd5 d6 6. e4 g6 7. f4 Bg7 8. Bb5+
Nfd7 9. a4 O-O 10. Nf3 Na6 11. O-O Nc7 12. Bd3 b6 13. e5 dxe5 14. f5 Bb7 15. Bg5
Qc8 16. d6 Nd5 17. fxg6 hxg6 18. Nxd5 Bxd5 19. Be7 c4 20. Bc2 Qc5+ 21. Kh1 Qc6
22. Qe2 e4 23. Ng5 f5 24. Qe3 Nf6 25. Qh3 Rae8 26. Rac1 a6 27. b3 b5 28. axb5
axb5 29. bxc4 Bxc4 30. Rfd1 Qd7 31. Bb3 Rc8 32. Rc2 Rfe8 33. Bxc4+ bxc4 34. Rdc1
Rxe7 35. dxe7 Qxe7 36. Rxc4 Rxc4 37. Qb3 Qb4 38. Qxc4+ Qxc4 39. Rxc4 Bh6 40.
Rc8+ Kg7 41. Rc7+ Kg8 42. Ne6 e3 43. Kg1 Nd5 44. Rb7 Nf4 45. Nd4 Bg7 46. Nc2 Nh5
47. Kf1 f4 48. Ke2 g5 49. Rb5 Bf6 50. h4 Ng3+ 51. Kf3 gxh4 52. Kxf4 e2 53. Kg4
Bc3 54. Rb1 Nf1 55. Kf4 Ng3 56. Ne1 Bd2+ 57. Kg4 Ne4 58. Kxh4 Nc3 59. Ra1 Nd1
60. Nf3 Bc3 61. Rc1 Bd2 62. Rb1 Bc3 63. Kh5 Nb2 64. Rc1 Ba5 65. Kg6 Kf8 66. Kf6
Bd8+ 67. Kg6 Nd3 68. Rc8 Ke7 69. Rc2 Kf8 70. Rd2 Nf4+ 71. Kf5 Bc7 72. Rd7 Nxg2
73. Rxc7 e1=Q 74. Nxe1 Nxe1 75. Ke4 Ng2 76. Rh7 Ne1 77. Rh2 Ke7 78. Re2 1-0

[Event "89th Hastings Masters 2013-14"]
[Site "Hastings ENG"]
[Date "2014.01.05"]
[Round "9.34"]
[White "Spanton, Tim R"]
[Black "Stonehouse, Tom H"]
[Result "1-0"]
[WhiteElo "2008"]
[BlackElo "1772"]
[WhiteFideId "404802"]
[BlackFideId "423092"]
[EventDate "2013.12.28"]

1. d4 Nf6 2. Nf3 g6 3. Bf4 Bg7 4. e3 O-O 5. h3 b6 6. Nbd2 Bb7 7. Bd3 d5 8. O-O
c5 9. c3 Nbd7 10. Qc2 Rc8 11. a4 Re8 12. Bh2 c4 13. Be2 Ne4 14. Ne1 e5 15. f3
exd4 16. fxe4 d3 17. Nxd3 cxd3 18. Bxd3 Nc5 19. Bb5 Re6 20. Rad1 Qe7 21. Rf2
Nxe4 22. Nxe4 Rxe4 23. Rdf1 f5 24. Bf4 g5 25. Bh2 f4 26. Bd3 Rxe3 27. Bxh7+ Kh8
28. Bf5 Rc7 29. Qd1 Qf7 30. Qg4 Bf6 31. h4 Ba6 32. hxg5 Bg7 33. Bxf4 Bxf1 34.
Bxe3 1-0

[Event "89th Hastings Masters 2013-14"]
[Site "Hastings ENG"]
[Date "2014.01.05"]
[Round "9.35"]
[White "Gunn, Michael J"]
[Black "Halfhide, Sebastian"]
[Result "0-1"]
[WhiteElo "1727"]
[BlackElo "1916"]
[WhiteFideId "409030"]
[BlackFideId "1045946"]
[EventDate "2013.12.28"]

1. c4 e6 2. Nc3 d5 3. cxd5 exd5 4. d4 c6 5. Nf3 Bd6 6. Bg5 Nf6 7. h3 Nbd7 8. Qc2
h6 9. Bd2 O-O 10. e3 Re8 11. Be2 Ne4 12. O-O f5 13. Nxe4 fxe4 14. Ne1 Nf6 15. f3
Nh5 16. f4 Ng3 17. Rf2 Bf5 18. Bf1 g5 19. fxg5 Qxg5 20. Bc1 Bxh3 21. gxh3 Ne2+
22. Kh1 Qg1# 0-1

[Event "89th Hastings Masters 2013-14"]
[Site "Hastings ENG"]
[Date "2014.01.05"]
[Round "9.36"]
[White "Brewer, Callum D"]
[Black "Othman, Mustapha"]
[Result "1-0"]
[WhiteElo "1693"]
[BlackElo "1914"]
[WhiteFideId "435309"]
[BlackFideId "8500797"]
[EventDate "2013.12.28"]

1. e4 e5 2. Nf3 Nc6 3. d4 exd4 4. Nxd4 Bc5 5. Be3 Qf6 6. c3 Nxd4 7. cxd4 Bb4+ 8.
Nc3 Qg6 9. Qc2 Nf6 10. f3 c6 11. Bd3 Qh5 12. a3 Ba5 13. b4 Bd8 14. Ne2 g5 15.
Ng3 Qh4 16. Bf2 d6 17. Nf5 Qf4 18. Bg3 Qxf5 19. exf5 Nd5 20. Bc4 Ne3 21. Qe4+
Kd7 22. Be6+ fxe6 23. Qxe6+ Kc7 24. Qxd6+ Kb6 25. Qc5+ Ka6 26. a4 Nc2+ 27. Qxc2
Re8+ 28. Kd1 Be7 29. Qc4+ 1-0

[Event "89th Hastings Masters 2013-14"]
[Site "Hastings ENG"]
[Date "2014.01.05"]
[Round "9.37"]
[White "Flynn, David"]
[Black "Taylor, Adam A"]
[Result "0-1"]
[WhiteElo "1932"]
[BlackElo "1983"]
[WhiteFideId "410594"]
[BlackFideId "415790"]
[EventDate "2013.12.28"]

1. e4 c5 2. d4 cxd4 3. c3 e6 4. Nf3 Nc6 5. Bc4 d5 6. exd5 exd5 7. Be2 Bd6 8.
cxd4 Nge7 9. Nc3 O-O 10. O-O Bf5 11. Be3 Rc8 12. Rc1 Bb8 13. Nh4 Qd6 14. g3 Bh3
15. Re1 Be6 16. Ng2 Qb4 17. Qd2 Nf5 18. a3 Ncxd4 19. Bd1 Qc5 20. b4 Qc4 21. Na2
Qa6 22. Bxd4 Nxd4 23. Qxd4 Qxa3 24. Ra1 Rc4 25. Qe3 Qb2 26. Bb3 d4 27. Qf3 Rc3
28. Nxc3 Qxb3 29. Reb1 Qxc3 30. Qxc3 dxc3 31. Rc1 Rc8 32. Ne3 a6 33. Kf1 Bd6 34.
Nc2 Bc4+ 35. Kg2 Bb3 36. Ra3 Bxc2 37. Rxc2 Bxb4 38. Ra1 a5 39. Rd1 g6 40. Rd4
Bf8 41. Rd5 b6 42. Rb5 Rc6 43. f4 Bg7 44. Kf3 Kf8 45. Ke4 Ke7 46. f5 Kd7 47.
fxg6 hxg6 48. g4 Rc4+ 49. Kf3 Kc6 50. Rb1 b5 51. Re1 b4 52. Re8 b3 0-1

[Event "89th Hastings Masters 2013-14"]
[Site "Hastings ENG"]
[Date "2014.01.05"]
[Round "9.38"]
[White "Shierlaw, Hamish"]
[Black "Clayton, Tristan"]
[Result "1/2-1/2"]
[WhiteElo "1605"]
[BlackElo "1832"]
[WhiteFideId "4301765"]
[BlackFideId "416533"]
[EventDate "2013.12.28"]

1. e4 c6 2. d4 d5 3. Nc3 dxe4 4. Nxe4 Bf5 5. Ng3 Bg6 6. Nf3 Nd7 7. Bd3 Bxd3 8.
Qxd3 Ngf6 9. O-O e6 10. Bf4 Be7 11. Rfe1 O-O 12. c4 Re8 13. Rad1 Qa5 14. a3 Nh5
15. Nxh5 Qxh5 16. Ne5 Nxe5 17. Bxe5 Rad8 18. Qg3 Qg6 19. Qxg6 hxg6 20. Rd3 Rd7
21. Red1 Red8 22. Kf1 f6 23. Bg3 Kf7 24. Ke2 b5 25. c5 Rd5 26. f3 R8d7 27. b4 a6
28. Ke3 Bd8 29. Be1 Ra7 30. Bc3 Bc7 31. h3 g5 32. Ra1 a5 33. Rdd1 Rd8 34. Ke2
Rda8 35. Kd3 Kg6 36. g4 axb4 37. axb4 Rxa1 38. Rxa1 Rxa1 39. Bxa1 e5 40. Ke4
exd4 41. Bxd4 Kf7 42. Bc3 Ke6 43. Be1 Be5 44. Bd2 g6 45. Be1 f5+ 46. Kd3 Kd5 47.
h4 gxh4 48. Bxh4 fxg4 49. fxg4 Bf4 50. Bf6 Ke6 51. Bc3 Be5 52. Bd2 Kf6 53. Ke4
Bb2 54. Kf4 Bd4 55. Ke4 Be5 56. Kf3 Bb2 57. Kf4 Kg7 58. Kf3 Bf6 59. Ke4 Kf7 60.
Kf3 Ke6 61. Ke4 Bh4 62. Bc3 Bf2 63. Bd2 Bg1 64. Bc3 Bh2 65. Bd2 Be5 66. Be1 Bb2
67. Bd2 Bf6 1/2-1/2

[Event "89th Hastings Masters 2013-14"]
[Site "Hastings ENG"]
[Date "2014.01.05"]
[Round "9.40"]
[White "Macrae, James S"]
[Black "Dean, Michael J"]
[Result "1-0"]
[WhiteElo "1736"]
[BlackElo "1597"]
[WhiteFideId "2401797"]
[BlackFideId "416100"]
[EventDate "2013.12.28"]

1. d4 Nf6 2. Nf3 d5 3. Bg5 e6 4. e3 Be7 5. Bd3 O-O 6. O-O h6 7. Bh4 b6 8. Qe2
Bb7 9. Nbd2 Nbd7 10. a4 a5 11. c3 c5 12. c4 cxd4 13. Nxd4 Bb4 14. cxd5 Bxd5 15.
Nb5 Bc6 16. Nf3 Bxb5 17. Bxb5 Qb8 18. Nd4 Qe5 19. Rfd1 Qh5 20. Qxh5 Nxh5 21.
Nxe6 fxe6 22. Rxd7 g5 23. Bg3 Nxg3 24. hxg3 Rac8 25. Rb7 Bc5 26. Bd7 Rcd8 27.
Bxe6+ Kh8 28. Rd7 Rxd7 29. Bxd7 Rd8 30. Rd1 Kg7 31. Kf1 Kf6 32. Bg4 Re8 33. Rd7 1-0

[Event "89th Hastings Masters 2013-14"]
[Site "Hastings ENG"]
[Date "2014.01.05"]
[Round "9.41"]
[White "Mitchell, Robert1"]
[Black "McKenna, John R"]
[Result "0-1"]
[WhiteElo "1674"]
[BlackElo "1735"]
[WhiteFideId "4302095"]
[BlackFideId "406180"]
[EventDate "2013.12.28"]

1. d4 d5 2. Nf3 Nf6 3. g3 c6 4. Bg2 Bf5 5. O-O e6 6. Nbd2 Be7 7. c4 O-O 8. cxd5
exd5 9. Ne5 Nbd7 10. f4 Qb6 11. e3 h6 12. a3 a5 13. Qb3 a4 14. Qxb6 Nxb6 15. b4
axb3 16. Nxb3 Ne4 17. g4 Bh7 18. f5 Nc3 19. Bf3 f6 20. Nd3 Nc4 21. Re1 Nxa3 22.
Nbc5 Nc4 23. Rxa8 Rxa8 24. Nxb7 g6 25. e4 dxe4 26. Bxe4 Nxe4 27. Rxe4 Kf7 28.
Rf4 gxf5 29. gxf5 Ra1 30. Kg2 Ra2+ 31. Kg1 Nd6 32. Nxd6+ Bxd6 33. Rf2 Rxf2 34.
Nxf2 h5 35. Ne4 Bb8 36. Ba3 Bxf5 37. Nd6+ Ke6 38. Nxf5 Kxf5 39. h3 Ba7 0-1